000 00503nam a22001697a 4500
008 160205b xxu||||| |||| 00| 0 eng d
020 _a13:978-981-4352-75-8
082 _22012
_aDC 005.72
_bV85h
100 _92535
_aVodnik, Sasha
245 _aHTML5 and CSS3:
_bintroductory/
_cSasha Vodnik
260 _aAndover:
_bCengage Learning,
_cc2012.
300 _a235 pages;
_c25 cm.
500 _aIncludes Index.
650 0 _92538
_aHTML (Document markup language)
365 _a345.00
_bPHP.
942 _2ddc
_cDC
999 _c984
_d984